QMC - Paroles de "Des gammes et des arpèges" - Statistiques

Statistiques générales
  • Ce quiz a été pris 94 fois
  • Le résultat moyen est 3 sur 8
Statistiques - réponses
Question Réponse % Correct
Do mi sol do do sol mi do, do mi sol do do sol mi do, le vrai musicien répète... avec ardeur
100%
de savantes gammes et des arpèges. Mais il faut qu'il sache que ... sa voix doit sortir du coeur
100%
en chantant ses gammes et ses arpèges. Si nous voulons... chaque jour les pratiquer
50%
un beau jour pourra... valoir son pesant d'or
50%
et vous permettra de jouer... de ravissants accords
0%
Do mi sol mi do mi sol mi... fa la do la do
0%
Répétons nos gammes et nos arpèges ! Ce travail... fastidieux qu'on fait sans efforts
0%
nous verrons nos progrès... vite encouragés
0%
Aucun quiz correspondant
Distribution des résultats
% des personnes avec chaque résultat
Percentile par nombre de réponses
Votre historique - résultats
Vous n’avez pas pris ce quiz